თოვლის სინათლე: [ლექსები] / ნოდარ ადეიშვილი (ბიბ.ჩანაწერი № 39443)
[ მარტივი ფორმატი ]
| 000 -LEADER | |
|---|---|
| fixed length control field | 00566nam a2200181Ia 4500 |
| 001 - CONTROL NUMBER | |
| control field | 6034 |
| 003 - CONTROL NUMBER IDENTIFIER | |
| control field | GE_BSU |
| 008 - FIXED-LENGTH DATA ELEMENTS--GENERAL INFORMATION | |
| fixed length control field | 181216s||||||||xx |||||||||||||| ||und|| |
| 040 ## - CATALOGING SOURCE | |
| Transcribing agency | GE_BSU |
| 080 ## - UNIVERSAL DECIMAL CLASSIFICATION NUMBER | |
| Universal Decimal Classification number | 821.353.1-1 |
| 245 ## - TITLE STATEMENT | |
| Title | თოვლის სინათლე: [ლექსები] / ნოდარ ადეიშვილი |
| 245 ## - TITLE STATEMENT | |
| Statement of responsibility, etc. | რედ. ა. დავითიანი |
| 260 ## - PUBLICATION, DISTRIBUTION, ETC. | |
| Place of publication, distribution, etc. | თბილისი |
| 260 ## - PUBLICATION, DISTRIBUTION, ETC. | |
| Name of publisher, distributor, etc. | საბჭოთა საქართველო |
| 260 ## - PUBLICATION, DISTRIBUTION, ETC. | |
| Date of publication, distribution, etc. | 1976 |
| 300 ## - PHYSICAL DESCRIPTION | |
| Extent | 78გვ. 17სმ. |
| 942 ## - ADDED ENTRY ELEMENTS (KOHA) | |
| Koha item type | წიგნი |
არაა ხელმისაწვდომი ეგზემპლარები.
